00661nam a2200205Ia 450000500170000000800410001704100080005808200200006610000220008624500330010826000400014130000090018150000160019065000240020670000270023090600080025794200070026599900170027295201660028920230228115354.0230125s9999 xx 000 0 und d aeng a658.312 44bBLA aBlake R R9108316 aProductivity: the human side c1981bSuchandra publicationaMumbai a133p aHRM;HRM Gen aHRM;HRM Gen9119831 aBlake R R & Mouton J S b100 cDB c89210d89210 00104070aHIMRbHIMRd2015-12-02eDonated Book- Outside Donarg200.00o658.312 44 BLA DB2262pHIMR-DB-2262r2023-01-25 00:00:00v100.00w2023-01-25yDBzDB2262